000 00496nam a22001817a 4500
005 20230403144049.0
008 230331b |||||||| |||| 00| 0 eng d
020 _a978-935107-278-0
041 _aeng
082 _a615.19 SIL-T
100 _aSILVERMAN,RICHARD B. AND HOLLADAY,MARK W
_97682
245 _aTHE ORGANIC CHEMISTRY OF DRUG DESIGN AND DRUG ACTION
250 _a3rd ed.
260 _bACADMIC PRESS
_c2022
300 _a517;P.
650 _aPHARMACY
_xB. PHARMA
_97683
942 _cBK
999 _c8253
_d8251